| 000 | 00631nam a2200145Ia 4500 | ||
|---|---|---|---|
| 005 | 20250220033255.0 | ||
| 008 | 240331s9999 xx 000 0 und d | ||
| 082 |
_bNAH _26810 _a950 |
||
| 100 | _aNahiya, A. M | ||
| 245 | 0 | _aYaanarintha Paeraasaan - Karthigesu Sivathamby | |
| 260 |
_aDehiwela _bColombo Branch of the Old Students' Association of Vigneswara College, Karaveddy _c2012 |
||
| 300 | _a48 p., | ||
| 500 | _aA remembrance for the late Professor Karthigesu Sivathamby by the Old Students' Association of his school, Vigneswara College, Karaveddy, honouring him for all the great things he has done in his life. | ||
| 942 | _cL | ||
| 999 |
_c5808 _d5808 |
||